[Event "Bogota Centro Comercial op 2nd"]
[Site "Bogota"]
[Date "2024.04.14"]
[Round "4"]
[White "Fonseca Guarin, John Henry"]
[Black "Gaviria Galvis, Andres Felipe"]
[Result "0-1"]
[WhiteElo "1719"]
[BlackElo "2113"]
[PlyCount "92"]
[EventDate "2024.04.14"]
[EventType "swiss"]
[EventRounds "7"]
[EventCountry "COL"]
[SourceTitle "CB16_2024"]
[SourceDate "2024.04.17"]
[SourceVersion "1"]
[SourceVersionDate "2024.04.17"]
[SourceQuality "1"]

1. d4 Nf6 2. g3 e6 3. Bg2 d5 4. Nf3 Be7 5. 0-0 0-0 6. b3 c5 7. e3 Nc6 8. Bb2 b5 9. Nfd2 Ba6 10. Re1 c4 11. c3 Rc8 12. bxc4 bxc4 13. Ba3 Bxa3 14. Nxa3 Qa5 15. Qc1 e5 16. f4 exd4 17. exd4 Qa4 18. Rb1 Rfe8 19. Rxe8+ Rxe8 20. Kf2 Ng4+ 21. Kg1 Ne3 22. Bf3 Ne7 23. Rb4 Qd7 24. Nc2 N7f5 25. Rb1 h6 26. Nf1 Nxf1 27. Qxf1 Ne3 28. Qc1 Nxc2 29. Qxc2 g6 30. Kf2 Bb5 31. Qd2 Bc6 32. Re1 Rb8 33. Re2 a5 34. Qe3 Qh3 35. Bg2 Qxh2 36. Qe5 Re8 37. Qxe8+ Bxe8 38. Rxe8+ Kg7 39. Re5 h5 40. Rxd5 h4 41. gxh4 Qxf4+ 42. Bf3 Qd2+ 43. Kg3 Qxc3 44. h5 Qe1+ 45. Kf4 c3 46. hxg6 c2 0-1

[Event "Bogota Centro Comercial op 2nd"]
[Site "Bogota"]
[Date "2024.04.14"]
[Round "3"]
[White "Gaviria Galvis, Andres Felipe"]
[Black "Forero Aponte, Jorge Eliecer"]
[Result "1-0"]
[WhiteElo "2113"]
[BlackElo "1582"]
[PlyCount "41"]
[EventDate "2024.04.14"]
[EventType "swiss"]
[EventRounds "7"]
[EventCountry "COL"]
[SourceTitle "CB16_2024"]
[SourceDate "2024.04.17"]
[SourceVersion "1"]
[SourceVersionDate "2024.04.17"]
[SourceQuality "1"]

1. d4 g6 2. e4 Bg7 3. Nc3 e6 4. Be3 Ne7 5. f4 d5 6. e5 0-0 7. Nf3 b6 8. Qd2 Bb7 9. 0-0-0 Nd7 10. g4 c5 11. h4 cxd4 12. Nxd4 Nc5 13. h5 Ne4 14. Nxe4 dxe4 15. hxg6 fxg6 16. Qh2 h6 17. Nxe6 Qc8 18. Nxg7 Kf7 19. e6+ Kxg7 20. Bd4+ Rf6 21. Qxh6+ 1-0

[Event "Bogota Centro Comercial op 2nd"]
[Site "Bogota"]
[Date "2024.04.14"]
[Round "7"]
[White "Gaviria Galvis, Andres Felipe"]
[Black "Sanquino Payares, Hermidez Andres"]
[Result "0-1"]
[WhiteElo "2113"]
[BlackElo "1861"]
[PlyCount "54"]
[EventDate "2024.04.14"]
[EventType "swiss"]
[EventRounds "7"]
[EventCountry "COL"]
[SourceTitle "CB16_2024"]
[SourceDate "2024.04.17"]
[SourceVersion "1"]
[SourceVersionDate "2024.04.17"]
[SourceQuality "1"]

1. e4 e5 2. Nf3 Nc6 3. d4 exd4 4. Nxd4 Qf6 5. Nb3 a5 6. a4 Bb4+ 7. c3 Be7 8. Be3 d6 9. N1d2 Nh6 10. Be2 0-0 11. 0-0 Ne5 12. h3 Kh8 13. f4 Nc6 14. Nd4 Nxd4 15. Bxd4 Qh4 16. f5 Ng8 17. Qb3 Nf6 18. Bf3 Rb8 19. Rae1 Nd7 20. Kh2 Qf4+ 21. Kh1 Qxd2 22. Be3 Qd3 23. Ba7 Ra8 24. Rd1 Qa6 25. Bd4 Bf6 26. Be3 Ne5 27. Be2 Qc6 0-1

[Event "COL Subzt 2.3.4"]
[Site "Risarald"]
[Date "2021.11.24"]
[Round "2"]
[White "Garzon Montana, Andres Camilo"]
[Black "Gaviria Galvis, Andres Felipe"]
[Result "0-1"]
[WhiteElo "1512"]
[BlackElo "2014"]
[PlyCount "44"]
[EventDate "2021.11.23"]
[EventType "swiss"]
[EventRounds "9"]
[EventCountry "COL"]
[SourceTitle "CBM 205 Extra"]
[Source "ChessBase"]
[SourceDate "2022.01.31"]
[SourceVersion "1"]
[SourceVersionDate "2022.01.31"]
[SourceQuality "1"]

1. e4 c6 2. d4 d5 3. exd5 cxd5 4. Nf3 Nf6 5. c3 Nc6 6. Bd3 e6 7. Bf4 Be7 8. Nbd2 0-0 9. 0-0 a6 10. a4 Nh5 11. Bxh7+ Kxh7 12. Ng5+ Bxg5 13. Qxh5+ Bh6 14. g4 f6 15. h4 Bd7 16. g5 fxg5 17. Bxg5 Qe8 18. Qe2 e5 19. dxe5 Qxe5 20. Qh5 Bh3 21. Rfe1 Qf5 22. f4 Bg4 0-1

[Event "Santa Marta Navidad op"]
[Site "Santa Marta"]
[Date "2020.12.19"]
[Round "4"]
[White "Gaviria Galvis, Andres Felipe"]
[Black "Rodriguez, Luis Alejandro"]
[Result "1-0"]
[WhiteElo "2009"]
[BlackElo "1948"]
[PlyCount "35"]
[EventDate "2020.12.17"]
[EventType "swiss"]
[EventRounds "7"]
[EventCountry "COL"]
[SourceTitle "EXT 2022"]
[Source "ChessBase"]
[SourceDate "2021.10.06"]
[SourceVersion "1"]
[SourceVersionDate "2021.10.06"]
[SourceQuality "1"]

1. e4 e5 2. Nf3 Nc6 3. d4 exd4 4. Nxd4 Bc5 5. Nb3 Bb6 6. Nc3 Nge7 7. Qe2 d6 8. Be3 0-0 9. 0-0-0 Qe8 10. h3 f5 11. f4 fxe4 12. g4 d5 13. Nxd5 Nxd5 14. Rxd5 Qf7 15. Rd2 Bxe3 16. Qxe3 Qxf4 17. Bc4+ Kh8 18. Rf1 1-0

[Event "COL-ch sf"]
[Site "Medellin"]
[Date "2020.11.15"]
[Round "7"]
[White "Sanchez Arroyave, Juan Pablo"]
[Black "Gaviria Galvis, Andres Felipe"]
[Result "1/2-1/2"]
[WhiteElo "1835"]
[BlackElo "2065"]
[PlyCount "80"]
[EventDate "2020.11.12"]
[EventType "swiss"]
[EventRounds "8"]
[EventCountry "COL"]
[SourceTitle "CBM 199 Extra"]
[Source "ChessBase"]
[SourceDate "2021.01.31"]
[SourceVersion "1"]
[SourceVersionDate "2021.01.31"]
[SourceQuality "1"]

1. d4 Nf6 2. c4 e6 3. Nf3 d5 4. g3 Be7 5. Bg2 0-0 6. 0-0 c5 7. cxd5 exd5 8. Nc3 Nc6 9. dxc5 Bxc5 10. Na4 Be7 11. Be3 Ne4 12. Rc1 Qa5 13. a3 Qd8 14. Nd4 Nxd4 15. Bxd4 Be6 16. Nc5 Nxc5 17. Bxc5 Bxc5 18. Rxc5 Qd6 19. Qd4 b6 20. Rc3 Rad8 21. Rd1 f5 22. e3 Rd7 23. h4 Rfd8 24. Qa4 Qe5 25. Rd4 h6 26. Qb5 Kh8 27. Bf3 Bg8 28. h5 Bf7 29. Kg2 Qe8 30. Rcd3 Bxh5 31. Bxh5 Qxh5 32. Rxd5 Rxd5 33. Rxd5 Rxd5 34. Qxd5 Qg6 35. b4 Kh7 36. a4 Qg4 37. Qb5 Qe4+ 38. Kh2 h5 39. a5 h4 40. gxh4 Qxh4+ 1/2-1/2

[Event "FISU World University"]
[Site "Tornelo INT"]
[Date "2020.10.28"]
[Round "7.14"]
[White "Gaviria Galvis, Andres Felipe"]
[Black "Parol, Pola"]
[Result "1-0"]
[WhiteElo "2065"]
[BlackElo "2069"]
[PlyCount "123"]
[EventDate "2020.10.26"]
[EventType "team-swiss (rapid)"]
[EventRounds "9"]
[EventCountry "NET"]
[SourceTitle "CBM 199 Extra"]
[Source "ChessBase"]
[SourceDate "2021.01.31"]
[SourceVersion "1"]
[SourceVersionDate "2021.01.31"]
[SourceQuality "1"]
[WhiteTeam "Colombia II"]
[BlackTeam "Poland III"]
[WhiteTeamCountry "COL"]
[BlackTeamCountry "POL"]

1. e4 c5 2. Nf3 d6 3. d4 cxd4 4. Nxd4 Nf6 5. Nc3 a6 6. f4 g6 7. Be2 Bg7 8. Be3 0-0 9. Nb3 Nc6 10. 0-0 b5 11. Bf3 Bb7 12. a3 Nd7 13. Nd4 Na5 14. Be2 Nc4 15. Bxc4 bxc4 16. Qe2 Rc8 17. Kh1 Nc5 18. Bg1 e6 19. f5 exf5 20. exf5 Bf6 21. fxg6 fxg6 22. Qxc4+ Kh8 23. Ne6 Nxe6 24. Qxe6 Bg7 25. Rf7 Rxf7 26. Qxf7 Rc7 27. Qf4 Qa8 28. Qd2 Re7 29. Bb6 Qe8 30. Bd4 Qc6 31. Bxg7+ Kxg7 32. Rf1 Kg8 33. Qf2 Qe8 34. h3 Qc8 35. Kh2 Qb8 36. Qg3 Qd8 37. Rd1 Rd7 38. Nd5 Bxd5 39. Rxd5 Qf6 40. c3 Kg7 41. b4 Qe6 42. c4 Qe4 43. Qc3+ Kg8 44. Qd4 Qxd4 45. Rxd4 Kf7 46. Rd5 Ke6 47. Ra5 Rc7 48. Rxa6 Rxc4 49. Kg3 Ke5 50. b5 Rc3+ 51. Kf2 Rb3 52. b6 d5 53. a4 d4 54. Ra5+ Ke4 55. Rb5 Rc3 56. b7 Rc2+ 57. Kg3 d3 58. b8Q d2 59. Qf4+ Kd3 60. Rd5+ Kc3 61. Qe3+ Kb2 62. Rxd2 1-0

[Event "FISU World University"]
[Site "Tornelo INT"]
[Date "2020.10.27"]
[Round "5.12"]
[White "Gaviria Galvis, Andres Felipe"]
[Black "Vaculik, Jakub"]
[Result "1-0"]
[WhiteElo "2065"]
[BlackElo "2147"]
[PlyCount "57"]
[EventDate "2020.10.26"]
[EventType "team-swiss (rapid)"]
[EventRounds "9"]
[EventCountry "NET"]
[SourceTitle "CBM 199 Extra"]
[Source "ChessBase"]
[SourceDate "2021.01.31"]
[SourceVersion "1"]
[SourceVersionDate "2021.01.31"]
[SourceQuality "1"]
[WhiteTeam "Colombia II"]
[BlackTeam "Czech Republic"]
[WhiteTeamCountry "COL"]
[BlackTeamCountry "CZE"]

1. d4 d5 2. Nf3 c6 3. e3 Nf6 4. Bd3 Bg4 5. 0-0 e6 6. b3 Nbd7 7. Bb2 Ne4 8. c4 Bd6 9. Nc3 Bxf3 10. Qxf3 Nd2 11. Qg4 Nf6 12. Qxg7 Rg8 13. Qh6 Nxf1 14. Rxf1 Qe7 15. cxd5 Ng4 16. Qh3 cxd5 17. Bb5+ Kd8 18. e4 Bxh2+ 19. Kh1 Rg6 20. Bc1 Rc8 21. exd5 Qc7 22. Qh4+ f6 23. dxe6 Bf4 24. Bxf4 Qxf4 25. e7+ Kxe7 26. Nd5+ Kf7 27. Nxf4 Rh6 28. Nh5 Kg6 29. Qxg4+ 1-0

[Event "COL-ch U26"]
[Site "Medellin"]
[Date "2018.10.19"]
[Round "3"]
[White "Escobar Medina, Andres F"]
[Black "Gaviria Galvis, Andres Felipe"]
[Result "1-0"]
[WhiteElo "2271"]
[BlackElo "2079"]
[PlyCount "105"]
[EventDate "2018.10.18"]
[EventType "swiss"]
[EventRounds "6"]
[EventCountry "COL"]
[SourceTitle "CBM 187 Extra"]
[Source "ChessBase"]
[SourceDate "2018.11.04"]
[SourceVersion "1"]
[SourceVersionDate "2018.11.04"]
[SourceQuality "1"]

1. e4 e5 2. Nf3 Nc6 3. d4 exd4 4. Bc4 Nf6 5. e5 d5 6. Bb5 Nd7 7. 0-0 Be7 8. Bxc6 bxc6 9. Nxd4 Nb8 10. Nc3 0-0 11. Nb3 Be6 12. Be3 Na6 13. Na4 Qb8 14. Qe2 Qb5 15. Qxb5 cxb5 16. Nac5 Nxc5 17. Bxc5 Bxc5 18. Nxc5 Bf5 19. c3 a5 20. a3 Rab8 21. b4 a4 22. Rad1 Rbd8 23. f3 Rfe8 24. Rfe1 Kf8 25. Kf2 h5 26. h4 Bc8 27. Kg3 f6 28. exf6 gxf6 29. Rxe8+ Kxe8 30. Kf4 Kf7 31. g4 c6 32. gxh5 Rh8 33. Rh1 Rxh5 34. Nd3 Bf5 35. Nc1 Ke6 36. Ne2 Bh7 37. Nd4+ Kd6 38. Re1 Re5 39. Re3 Bg6 40. Re2 Rxe2 41. Nxe2 c5 42. Ke3 d4+ 43. cxd4 cxb4 44. axb4 Kd5 45. Kd2 Kc4 46. d5 a3 47. Kc1 Kxb4 48. d6 Bf5 49. Nd4 Bd7 50. h5 Kc3 51. Nxb5+ Bxb5 52. Kb1 Kb4 53. h6 1-0

[Event "COL pre olympic sf2"]
[Site "Cartagena"]
[Date "2016.05.07"]
[Round "6"]
[White "Panesso Rivera, Henry"]
[Black "Gaviria Galvis, Andres Felipe"]
[Result "1-0"]
[WhiteElo "2343"]
[BlackElo "2071"]
[PlyCount "81"]
[EventDate "2016.05.04"]
[EventType "swiss"]
[EventRounds "9"]
[EventCountry "COL"]
[SourceTitle "CBM 172 Extra"]
[Source "ChessBase"]
[SourceDate "2016.06.21"]
[SourceVersion "1"]
[SourceVersionDate "2016.06.21"]
[SourceQuality "1"]

1. e4 c6 2. d4 d5 3. Nc3 dxe4 4. Nxe4 Bf5 5. Ng3 Bg6 6. h4 h6 7. Nf3 Nd7 8. h5 Bh7 9. Bd3 Bxd3 10. Qxd3 e6 11. Bd2 Ngf6 12. 0-0-0 Be7 13. Kb1 0-0 14. Ne4 Nxe4 15. Qxe4 Nf6 16. Qe2 Qd5 17. Ne5 Qe4 18. Qxe4 Nxe4 19. Be1 Rfd8 20. f3 Nf6 21. Bf2 Rac8 22. c4 Nd7 23. g4 b5 24. cxb5 cxb5 25. Rc1 Nxe5 26. Rxc8 Rxc8 27. dxe5 Rc7 28. Rc1 Rxc1+ 29. Kxc1 a6 30. Be3 Kf8 31. Kc2 Ke8 32. Kd3 f5 33. gxf5 exf5 34. Kd4 Kf7 35. Kd5 g6 36. e6+ Kf6 37. Bd4+ Kg5 38. Bc5 Bf6 39. e7 Bxe7 40. Bxe7+ Kxh5 41. Ke5 1-0

[Event "COL pre olympic sf2"]
[Site "Cartagena"]
[Date "2016.05.05"]
[Round "3"]
[White "Gaviria Galvis, Andres Felipe"]
[Black "Garces Trujillo, Luis Javier"]
[Result "1/2-1/2"]
[WhiteElo "2071"]
[BlackElo "1941"]
[PlyCount "71"]
[EventDate "2016.05.04"]
[EventType "swiss"]
[EventRounds "9"]
[EventCountry "COL"]
[SourceTitle "CBM 172 Extra"]
[Source "ChessBase"]
[SourceDate "2016.06.21"]
[SourceVersion "1"]
[SourceVersionDate "2016.06.21"]
[SourceQuality "1"]

1. e4 c5 2. Nf3 Nc6 3. d4 cxd4 4. Nxd4 Qc7 5. Nc3 e6 6. Be2 a6 7. Be3 Nf6 8. 0-0 Bb4 9. Nxc6 bxc6 10. Qd4 c5 11. Qd3 Bb7 12. Bf3 Rb8 13. Bg5 h6 14. Bxf6 gxf6 15. Rad1 Bc6 16. Rfe1 Ba5 17. Re3 Rxb2 18. Nd5 Bxd5 19. exd5 Rb6 20. dxe6 dxe6 21. Bh5 Ke7 22. Qa3 Rbb8 23. c3 Rhd8 24. Rde1 Rd6 25. Qa4 c4 26. Be2 Rb5 27. Qc2 Bb6 28. Re4 Rf5 29. Rf1 Qd7 30. Qb1 Qb5 31. Qc1 Qd5 32. Rxc4 Qd2 33. Qxd2 Rxd2 34. g4 Ra5 35. Rc6 Bc5 36. Rxa6 1/2-1/2

[Event "North Region-ch U10 integrada"]
[Site "Maicao"]
[Date "2015.03.08"]
[Round "6.1"]
[White "Jinete Morales, Jossie Jose"]
[Black "Gaviria Galvis, Andres Felipe"]
[Result "0-1"]
[WhiteElo "1569"]
[BlackElo "2015"]
[PlyCount "82"]
[EventDate "2015.03.06"]
[EventType "swiss"]
[EventRounds "6"]
[EventCountry "COL"]
[SourceTitle "EXT 2024"]
[Source "ChessBase"]
[SourceDate "2023.10.10"]
[SourceVersion "1"]
[SourceVersionDate "2023.10.10"]
[SourceQuality "1"]

1. d4 Nf6 2. c4 e6 3. Nc3 c5 4. Nf3 cxd4 5. Nxd4 a6 6. g3 Nc6 7. Bg2 Qc7 8. Nxc6 bxc6 9. 0-0 Be7 10. Qa4 0-0 11. Rd1 d5 12. b3 Nd7 13. cxd5 cxd5 14. Bb2 Nc5 15. Qg4 f6 16. Rac1 Qb6 17. Qd4 Bb7 18. b4 Nd7 19. Qxb6 Nxb6 20. e4 dxe4 21. Nxe4 Bxe4 22. Bxe4 Rac8 23. Bb7 Rxc1 24. Rxc1 Bxb4 25. Rc6 Na4 26. a3 Bd2 27. Bxa6 Rb8 28. Bd4 e5 29. Bc5 h5 30. Bc4+ Kh8 31. Bd6 Rd8 32. Bb5 Nc3 33. a4 Ne4 34. Bc7 Ra8 35. Rc2 Ng5 36. Rxd2 Nf3+ 37. Kg2 Nxd2 38. a5 Nb3 39. a6 Nc5 40. Bc6 Nxa6 41. Bxa8 Nxc7 0-1

[Event "Maicao op 3rd"]
[Site "Maicao"]
[Date "2014.05.02"]
[Round "3"]
[White "Marichal Gonzalez, Ariel"]
[Black "Gaviria Galvis, Andres Felipe"]
[Result "1-0"]
[WhiteElo "2281"]
[BlackElo "2006"]
[PlyCount "83"]
[EventDate "2014.05.01"]
[EventType "swiss"]
[EventRounds "7"]
[EventCountry "COL"]
[SourceTitle "CBM 160 Extra"]
[Source "ChessBase"]
[SourceDate "2014.07.01"]
[SourceVersion "1"]
[SourceVersionDate "2014.07.01"]
[SourceQuality "1"]

1. d4 Nf6 2. c4 e6 3. Nc3 d5 4. Nf3 Be7 5. Qc2 b6 6. e4 dxe4 7. Nxe4 Bb7 8. Bd3 Nxe4 9. Bxe4 Bxe4 10. Qxe4 Nd7 11. 0-0 0-0 12. Bf4 c5 13. Rad1 Nf6 14. Qb7 Qd7 15. Qa6 Qc8 16. Qxc8 Raxc8 17. b3 cxd4 18. Nxd4 Ne4 19. Nb5 Bc5 20. Nxa7 Rcd8 21. Rxd8 Rxd8 22. b4 Bxf2+ 23. Rxf2 Nxf2 24. Kxf2 Rd4 25. Be3 Rxc4 26. a3 Rc2+ 27. Kf3 f5 28. Nb5 e5 29. h4 Kf7 30. Bxb6 Ke6 31. a4 Kd5 32. Bc5 Kc6 33. Nd6 e4+ 34. Kg3 g6 35. a5 e3 36. Kf3 f4 37. Ne4 Kd5 38. a6 e2 39. a7 e1Q 40. a8Q+ Kc4 41. Qg8+ Kb5 42. Qe8+ 1-0

[Event "COL-ch U18"]
[Site "Cali"]
[Date "2014.04.04"]
[Round "3"]
[White "Zapata Arbelaes, Estiven"]
[Black "Gaviria Galvis, Andres Felipe"]
[Result "1-0"]
[WhiteElo "2129"]
[BlackElo "2021"]
[PlyCount "87"]
[EventDate "2014.04.03"]
[EventType "swiss"]
[EventRounds "7"]
[EventCountry "COL"]
[SourceTitle "CBM 159 Extra"]
[Source "ChessBase"]
[SourceDate "2014.04.24"]
[SourceVersion "1"]
[SourceVersionDate "2014.04.24"]
[SourceQuality "1"]

1. d4 Nf6 2. c4 c5 3. d5 e6 4. Nc3 exd5 5. cxd5 d6 6. Nf3 g6 7. g3 Bg7 8. Bg2 0-0 9. 0-0 a6 10. a4 Re8 11. Qb3 Nbd7 12. Nd2 Qc7 13. Nc4 Ne5 14. Qb6 Qxb6 15. Nxb6 Rb8 16. Bf4 Nh5 17. Bxe5 Bxe5 18. Nc4 b5 19. Nxe5 Rxe5 20. axb5 axb5 21. Rfd1 f5 22. e3 b4 23. Nb1 Nf6 24. Nd2 Re7 25. Nc4 Rd7 26. f3 Rd8 27. Ra7 b3 28. Na5 Rd7 29. Rxd7 Bxd7 30. Nc4 Ne8 31. Ra1 Bb5 32. Nd2 Nf6 33. e4 Bd3 34. Ra4 fxe4 35. fxe4 Re8 36. h3 Nh5 37. Kf2 Rf8+ 38. Ke3 Bc2 39. Ra6 Nxg3 40. Rxd6 Re8 41. Rc6 Nf5+ 42. Kf2 Nh4 43. Bh1 g5 44. Rxc5 1-0

[Event "COL-ch U18"]
[Site "Cali"]
[Date "2014.04.03"]
[Round "2"]
[White "Gaviria Galvis, Andres Felipe"]
[Black "Fajardo Lopez, Daniel"]
[Result "1-0"]
[WhiteElo "2021"]
[BlackElo "1547"]
[PlyCount "55"]
[EventDate "2014.04.03"]
[EventType "swiss"]
[EventRounds "7"]
[EventCountry "COL"]
[SourceTitle "CBM 159 Extra"]
[Source "ChessBase"]
[SourceDate "2014.04.24"]
[SourceVersion "1"]
[SourceVersionDate "2014.04.24"]
[SourceQuality "1"]

1. e4 e5 2. Nf3 Nf6 3. Nc3 Bb4 4. Nxe5 0-0 5. Be2 Re8 6. Nf3 Bxc3 7. bxc3 Nxe4 8. 0-0 d5 9. Bb2 Nc6 10. d3 Ng5 11. Re1 Bf5 12. Qd2 Nxf3+ 13. Bxf3 Ne5 14. Qf4 Nxf3+ 15. Qxf3 Qd7 16. h3 c6 17. Qg3 Bg6 18. Qf4 Qf5 19. Qc7 Qc8 20. Rxe8+ Qxe8 21. Ba3 f6 22. Qxb7 Qb8 23. Qxc6 Bf7 24. Re1 Qc8 25. Qxc8+ Rxc8 26. Bb4 d4 27. c4 Rb8 28. a3 1-0

[Event "COL-ch sf"]
[Site "Medellin"]
[Date "2014.??.??"]
[Round "8"]
[White "Gutierrez Hernandez, Jorge Alejandro"]
[Black "Gaviria Galvis, Andres Felipe"]
[Result "0-1"]
[WhiteElo "1774"]
[BlackElo "2021"]
[PlyCount "56"]
[EventDate "2014.04.15"]
[EventType "swiss"]
[EventRounds "11"]
[EventCountry "COL"]
[SourceTitle "CBM 160 Extra"]
[Source "ChessBase"]
[SourceDate "2014.07.01"]
[SourceVersion "1"]
[SourceVersionDate "2014.07.01"]
[SourceQuality "1"]

1. e4 c6 2. d4 d5 3. e5 Bf5 4. Nf3 e6 5. Be3 Qb6 6. b3 Bb4+ 7. Bd2 Bxd2+ 8. Nbxd2 c5 9. dxc5 Qxc5 10. Bd3 Ne7 11. 0-0 Nbc6 12. Bxf5 Nxf5 13. c4 Rd8 14. cxd5 Rxd5 15. Rc1 Qa5 16. Qc2 0-0 17. Nc4 Qc5 18. Qe4 Qe7 19. Ne3 Nxe3 20. Qxe3 Rfd8 21. Rc4 Rd1 22. g3 R1d3 23. Qe2 Rxf3 24. Rxc6 Rxf2 25. Qxf2 bxc6 26. Rc1 Qc7 27. Qc5 Rd5 28. Qxc6 Rd1+ 0-1

[Event "Bogota McGregor op 4th"]
[Site "Bogota"]
[Date "2013.12.06"]
[Round "4"]
[White "Suaza, Jose Neyitd"]
[Black "Gaviria Galvis, Andres Felipe"]
[Result "0-1"]
[WhiteElo "1753"]
[BlackElo "2027"]
[PlyCount "75"]
[EventDate "2013.12.04"]
[EventType "swiss"]
[EventRounds "9"]
[EventCountry "COL"]
[SourceTitle "CBM 157 Extra"]
[Source "ChessBase"]
[SourceDate "2013.12.19"]
[SourceVersion "1"]
[SourceVersionDate "2013.12.19"]
[SourceQuality "1"]

1. e4 e6 2. Nf3 c5 3. Be2 a6 4. Nc3 Nc6 5. 0-0 d6 6. d4 cxd4 7. Nxd4 Qc7 8. Re1 Nf6 9. Bg5 Be7 10. a3 0-0 11. Bf1 b5 12. Rc1 Bb7 13. Nxc6 Bxc6 14. Bd3 Rfe8 15. Re3 Rad8 16. Rh3 g6 17. Qf3 Nxe4 18. Bxe4 Bxg5 19. Bxc6 Bxc1 20. Ne4 h6 21. Bxe8 f5 22. Qg3 Qg7 23. Nxd6 Bxb2 24. Qxg6 Rxd6 25. Qh5 Be5 26. Rd3 Rxd3 27. cxd3 Bd6 28. g3 Bxa3 29. Bc6 Bf8 30. Qe8 Qe7 31. Qg6+ Bg7 32. g4 Qf7 33. gxf5 Qxg6+ 34. fxg6 Kf8 35. f4 Ke7 36. Kf2 b4 37. Ke3 b3 38. Kd2 0-1